Statistics for How to Cannibalism

Click here to take the quiz!

General Stats

  • This quiz has been taken 33 times
  • The average score is 7 of 8

Answer Stats

HintAnswer% Correct
1.____, shoulders, knees and toesHead goes first
95%
5.Love comes from the ____Heart gets taken out
95%
6. An organ that is one letter away from loverLiver gets taken out
89%
2. Let me give you a ____Hands get cut off next
84%
4.Its just skin, I have no hint for itSkin gets cut off
84%
8. The answer is cookYou cook and eat the food, yum yum
79%
3. Unit of measurement (Not the metric system)Feet are then cut off
74%
7. Bone that is one letter away from robsFood gets taken out along the ribs
68%

Score Distribution

Percentile by Number Answered

Percent of People with Each Score

Your Score History

You have not taken this quiz